00393nam a2200145 a 4500008004100000020001500041050001900056100002100075245004500096260003100141300001500172350000900187650004100196650001000237090302s1998 ||||||||||||||||| || u a0240515250 aPN 1992.75 Fai aFairweather, Rod10aBasic studio directing.cRod Fairweather aOxford:bFocal Pressc1998 a192p.: ill a0.00 aTELEVISION--PRODUCTION AND DIRECTION aMEDIA